[Event "Vasteras op"]
[Site "Vasteras"]
[Date "2011.09.23"]
[Round "1"]
[White "Miezis, Normunds"]
[Black "Jansson, Jonny"]
[Result "1-0"]
[WhiteElo "2534"]
[BlackElo "1894"]
[PlyCount "35"]
[EventDate "2011.09.23"]
[EventType "swiss"]
[EventRounds "8"]
[EventCountry "SWE"]
[SourceTitle "CBM 144 Extra"]
[Source "ChessBase"]
[SourceDate "2011.10.28"]
[SourceVersion "1"]
[SourceVersionDate "2011.10.28"]
[SourceQuality "1"]

1. c4 Nf6 2. Nc3 e6 3. e4 Nc6 4. Nf3 d5 5. cxd5 exd5 6. e5 Ne4 7. Bb5 Nxc3 8. dxc3 Be7 9. 0-0 a6 10. Ba4 0-0 11. Re1 b5 12. Bc2 Be6 13. Qd3 g6 14. Bh6 Re8 15. Rad1 b4 16. c4 b3 17. Bxb3 Nb4 18. Qe2 1-0

[Event "Norrkoeping Easter op"]
[Site "Norrkoeping"]
[Date "2011.04.22"]
[Round "1"]
[White "Akesson, Ralf"]
[Black "Jansson, Jonny"]
[Result "1-0"]
[WhiteElo "2433"]
[BlackElo "1910"]
[PlyCount "55"]
[EventDate "2011.04.22"]
[EventType "swiss"]
[EventRounds "8"]
[EventCountry "SWE"]
[SourceTitle "CBM 141 Extra"]
[Source "ChessBase"]
[SourceDate "2011.05.03"]
[SourceVersion "1"]
[SourceVersionDate "2011.05.03"]
[SourceQuality "1"]

1. Nf3 f5 2. g3 Nf6 3. Bg2 e6 4. 0-0 Be7 5. b3 0-0 6. Bb2 d6 7. d4 Qe8 8. c4 a5 9. Nc3 Bd7 10. Qd3 Na6 11. e4 Qh5 12. e5 Nb4 13. Qe2 Ne4 14. exd6 Bxd6 15. Nxe4 fxe4 16. Qxe4 Qf5 17. Qxf5 exf5 18. a3 Nc6 19. c5 Be7 20. d5 Nd8 21. b4 Bf6 22. Bxf6 Rxf6 23. Nd4 f4 24. b5 Rc8 25. Rfe1 Kf7 26. Re5 c6 27. Rae1 Kf8 28. Re7 1-0

[Event "Stockholm Elo op"]
[Site "Stockholm"]
[Date "2009.05.22"]
[Round "4"]
[White "Helin, Mikael"]
[Black "Jansson, Jonny"]
[Result "1-0"]
[WhiteElo "1973"]
[BlackElo "2227"]
[PlyCount "61"]
[EventDate "2009.05.20"]
[EventType "swiss"]
[EventRounds "9"]
[EventCountry "SWE"]
[SourceTitle "EXT 2012"]
[Source "ChessBase"]
[SourceDate "2011.11.24"]
[SourceVersion "1"]
[SourceVersionDate "2011.11.24"]
[SourceQuality "1"]

1. e4 e6 2. Nf3 d5 3. e5 c5 4. b4 cxb4 5. a3 Nc6 6. axb4 Bxb4 7. c3 Be7 8. d4 f6 9. Bd3 Qc7 10. Kf1 fxe5 11. dxe5 Bd7 12. Na3 Qb8 13. Nb5 a6 14. Nd6+ Bxd6 15. exd6 Qxd6 16. Ba3 Qf4 17. g3 Qf6 18. Qe2 Nge7 19. Kg2 0-0 20. Bd6 Rad8 21. Rhe1 Bc8 22. Bc7 Rd7 23. Bf4 Ng6 24. Ra4 Nxf4+ 25. Rxf4 Qxc3 26. Bxh7+ Kxh7 27. Rxf8 Rc7 28. Ng5+ Kg6 29. Qg4 e5 30. Ne6+ Kh6 31. Rh8# 1-0